Представление документа в формате RUSMARC

ПолеНазваниеЗначение
  Тип записи a
  Библиографический уровень m
001 Контрольный номер UONB/MAIN/f4ba44a989a44ce79cbfb9b8b92aa6cb
005 Дата корректировки 20260413111334.6
010 Индекс ISBN __
d Цена 15 к.
9 Тираж 7000 экз.
100 Данные общей обработки __
a Данные общей обработки 20260413d1987 u y0rusy0189 ca
101 Язык документа 0_
a Язык текста rus
102 Страна публикации __
a Страна публикации RU
105 Кодированные данные (монография) __
a Кодированные данные (монография) y z 000yy
200 Заглавие и сведения об ответственности 1_
a Заглавие Эффект орошения
e Сведения, относящиеся к заглавию опыт работы колхоза им. Н. К. Крупской Нижегорского района Крымской области
f Первые сведения об ответственности составители В. И. Черкас [и др.]
203 Вид содержания и тип средства __
a Вид содержания Текст
b Характеристика содержания визуальный
c Тип средства непосредственный
210 Выходные данные 1_
a Место издания Москва
c Издательство Агропромиздат
d Дата издания 1987
215 Физическое описание __
a Объем 71, [2] с.
d Формат 20 см
225 Серия 1_
a Серия Передовые коллективы
606 Тематические рубрики 0_
a Основная рубрика Орошаемое земледелие
x Основная подрубрика Экономическая эффективность
y Географическая подрубрика Крымская область
610 Ключевые слова 0_
a Ключевые слова земледелие орошаемое; опыт работы колхозов; передовые коллективы; колхозы Крымской области
686 Индексы других классификаций __
a Классификационный индекс 41.95(2А/Э)
2 Код системы rubbk
702 Вторичная интеллектуальная ответственность _1
a Фамилия Черфас
b Имя (инициалы) В. И.
g Полное личное имя Валентин Иванович
4 Код отношения 220
801 Источник записи _0
a Страна RU
b Организация Ульяновская ОНБ
c Дата составления 20260413
g Правила каталогизации RCR
801 Источник записи _1
a Страна RU
b Организация Ульяновская ОНБ
c Дата составления 20260413
g Правила каталогизации RCR
901 Тип документа __
t Тип документа m
909 Создатель записи __
a Создатель записи Борисова И. А.
b Дата создания записи 20260413